Discursos leídos en la 'Real Academia de Buenas Letras' de Barcelona en la solemne recepción pública del R. P. Fr. Faustino D. Gazulla O.M.C. el día 22 de junio de 1919

per Gazulla, Faustino D.

Publicat: Barcelona : Real Academia de Buenas Letras , 1919
Descripció física: 80 p. ; 25 cm

MARC

LEADER 00000nam a2200000Ia 4500
001 6174
008 160829s1919 (Imp.'La Renaixensa') xx 000 0 cat d
080 |a L-1-331 
100 |a Gazulla, Faustino D.  |9 32160 
245 |a Discursos leídos en la 'Real Academia de Buenas Letras' de Barcelona en la solemne recepción pública del R. P. Fr. Faustino D. Gazulla O.M.C. el día 22 de junio de 1919 
260 |a Barcelona :  |b Real Academia de Buenas Letras,  |c 1919 (Imp.'La Renaixensa') 
300 |a 80 p. ;  |c 25 cm 
610 2 0 |a Reial Acadèmia de Bones Lletres de Barcelona  |9 53064 
650 0 |a Discursos acadèmics   |9 38904 
710 2 |a Reial Acadèmia de Bones Lletres de Barcelona  |9 53064 
901 |a Arxiu 
942 |n 1 
952 |0 0  |1 0  |4 0  |6 L1331  |7 1  |9 45890  |a Arxiu  |b Arxiu  |d 2016-12-01  |l 0  |o L-1-331  |p 6174  |r 2016-12-01 00:00:00  |w 2016-12-01  |y ARXIU 
999 |c 49391  |d 49391